书目信息 |
| 题名: |
中国飞镖竞赛规则与裁判法
|
|
| 作者: | ;中国飞镖协会 审定 | |
| 分册: | ||
| 出版信息: | 北京 人民体育出版社 2003 |
|
| 页数: | 102页 | |
| 开本: | 20cm | |
| 丛书名: | ||
| 单 册: | ||
| 中图分类: | G899.4 | |
| 科图分类: | ||
| 主题词: | 文娱性体育活动--竞赛规则--中国 , 文娱性体育活动--裁判法--中国 | |
| 电子资源: | ||
| ISBN: | 7-5009-2393-7 | |
| 000 | 00884nam0 2200229 45 | |
| 001 | 002319760 | |
| 005 | 20050224150732.1 | |
| 010 | @a7-5009-2393-7@dCNY10.00 | |
| 100 | @a20030306d2003 em y0chiy50 ea | |
| 101 | 0 | @achi |
| 102 | @aCN@b110000 | |
| 105 | @ay z 000yy | |
| 200 | 1 | @a中国飞镖竞赛规则与裁判法@Azhong guo fei biao jing sai gui ze yu cai pan fa@f中国飞镖协会审定@FZhong Guo Fei Biao Xie Hui Shen Ding |
| 210 | @a北京@c人民体育出版社@d2003 | |
| 215 | @a102页@d20cm | |
| 330 | @a本书阐述了中国飞镖竞赛规则、中国飞镖联赛(团体)规则、中国飞镖竞赛裁判法、中国飞镖运动管理办法(试行)以及中国飞镖运动俱乐部管理暂行条例等内容。 | |
| 606 | 0 | @a文娱性体育活动@x竞赛规则@y中国 |
| 606 | 0 | @a文娱性体育活动@x裁判法@y中国 |
| 690 | @aG899.4@v4 | |
| 711 | 02 | @a中国飞镖协会@Azhong guo fei biao xie hui@4审定 |
| 801 | 0 | @aCN@bNLC@c20030829 |
| 905 | @b342621-625@dG899.4@e192@f5 | |
| 中国飞镖竞赛规则与裁判法/中国飞镖协会审定.-北京:人民体育出版社,2003 |
| 102页;20cm |
| ISBN 7-5009-2393-7:CNY10.00 |
| 本书阐述了中国飞镖竞赛规则、中国飞镖联赛(团体)规则、中国飞镖竞赛裁判法、中国飞镖运动管理办法(试行)以及中国飞镖运动俱乐部管理暂行条例等内容。 |
| ● |
| 相关链接 |
|
|
|
|
正题名:中国飞镖竞赛规则与裁判法
索取号:G899.4/192
 
预约/预借
| 序号 | 登录号 | 条形码 | 馆藏地/架位号 | 状态 | 备注 |
| 1 | 0342621 | 203426211 | 第一样本阅览室/ [索取号:G899.4/192] | 在馆 | |
| 2 | 0342622 | 203426220 | 第四借阅区/ [索取号:G899.4/192] | 在馆 | |
| 3 | 0342623 | 203426239 | 第四借阅区/ [索取号:G899.4/192] | 在馆 | |
| 4 | 0342624 | 203426248 | 第四借阅区/ [索取号:G899.4/192] | 在馆 | |
| 5 | 0342625 | 203426257 | 第四借阅区/ [索取号:G899.4/192] | 在馆 |